<?xml version="1.0" encoding="UTF-8"?><?xml-stylesheet type="text/xsl" href="static/style.xsl"?><OAI-PMH xmlns="http://www.openarchives.org/OAI/2.0/" xmlns:xsi="http://www.w3.org/2001/XMLSchema-instance" xsi:schemaLocation="http://www.openarchives.org/OAI/2.0/ http://www.openarchives.org/OAI/2.0/OAI-PMH.xsd"><responseDate>2026-04-13T06:47:47Z</responseDate><request verb="GetRecord" identifier="oai:www.recercat.cat:2072/471864" metadataPrefix="marc">https://recercat.cat/oai/request</request><GetRecord><record><header><identifier>oai:recercat.cat:2072/471864</identifier><datestamp>2024-11-04T06:50:53Z</datestamp><setSpec>com_2072_98</setSpec><setSpec>col_2072_378192</setSpec></header><metadata><record xmlns="http://www.loc.gov/MARC21/slim" xmlns:dcterms="http://purl.org/dc/terms/" xmlns:xsi="http://www.w3.org/2001/XMLSchema-instance" xmlns:doc="http://www.lyncode.com/xoai" xsi:schemaLocation="http://www.loc.gov/MARC21/slim http://www.loc.gov/standards/marcxml/schema/MARC21slim.xsd">
   <leader>00925njm 22002777a 4500</leader>
   <datafield ind2=" " ind1=" " tag="042">
      <subfield code="a">dc</subfield>
   </datafield>
   <datafield ind2=" " ind1=" " tag="720">
      <subfield code="a">Junquera, Álvaro F.</subfield>
      <subfield code="e">author</subfield>
   </datafield>
   <datafield ind2=" " ind1=" " tag="260">
      <subfield code="c">2023</subfield>
   </datafield>
   <datafield ind2=" " ind1=" " tag="520">
      <subfield code="a">Altres ajuts: Investigación financiada por el Ministerio de Universidades del Gobierno de España en el marco del Plan de Formación del Profesorado Universitario (FPU) con referencia FPU19/05291.</subfield>
   </datafield>
   <datafield ind2=" " ind1=" " tag="520">
      <subfield code="a">Objetivos: este artículo realiza una revisión de la literatura sobre programas de asistencia en la búsqueda de empleo en España. Nos preguntamos qué intervenciones de este tipo han sido evaluadas, qué métodos se han usado y cuál es el efecto promedio que generan sobre el empleo y el empleo de larga duración. Metodología: para ello, hemos construido un conjunto de datos de 1042 estimaciones de impacto a partir de veintidós estudios. El análisis de los datos combinó el análisis cuantitativo bivariado con una síntesis narrativa a partir de la mejor evidencia disponible. Resultados: respecto al objeto y al método de estudio, los resultados indican una notable concentración de la evaluación en intervenciones profundamente heterogéneas y en estrategias de identificación con asunciones demasiado fuertes como para ser creíbles. Respecto al impacto de la intervención, centrándonos en las estimaciones con mayor validez interna, el efecto promedio sobre el empleo es positivo, pero de baja magnitud (2,71 %). Conclusiones: nuestro trabajo señala lagunas de la literatura y estrategias de identificación más creíbles incluso con los datos administrativos normalmente disponibles. Además, indicamos qué intervenciones cuentan con evidencia sólida como para ser consideradas buenas prácticas</subfield>
   </datafield>
   <datafield ind2=" " ind1=" " tag="520">
      <subfield code="a">Objectives: This article reviews the literature on job search assistance programmes in Spain. We ask what interventions of this type have been evaluated, what methods have been used and what is the average effect they generate on employment and long-term employment. Methodology: For this purpose, we constructed a dataset of 1042 impact estimates from 22 studies. The data analysis combined quantitative bivariate analysis with a narrative synthesis from the best available evidence. Results: Regarding the object and method of study, the results indicate a remarkable concentration of the evaluation on deeply heterogeneous interventions and on identification strategies with assumptions too strong to be credible. Regarding the impact of the intervention, focusing on the most internally valid estimates, the average effect on employment is positive, but of low magnitude (2,71%). Conclusions: Our work shows the possibility of relying on techniques that facilitate the transportability of results and on more credible identification strategies even with the administrative data normally available. Furthermore, we point out which interventions have solid evidence to be considered good practices to be implemented in nearby contexts.</subfield>
   </datafield>
   <datafield ind1="8" ind2=" " tag="024">
      <subfield code="a">http://hdl.handle.net/2072/471864</subfield>
   </datafield>
   <datafield tag="653" ind2=" " ind1=" ">
      <subfield code="a">Políticas activas de empleo</subfield>
   </datafield>
   <datafield tag="653" ind2=" " ind1=" ">
      <subfield code="a">Asistencia en la búsqueda de empleo</subfield>
   </datafield>
   <datafield tag="653" ind2=" " ind1=" ">
      <subfield code="a">Servicios públicos</subfield>
   </datafield>
   <datafield tag="653" ind2=" " ind1=" ">
      <subfield code="a">Revisión de literatura</subfield>
   </datafield>
   <datafield tag="653" ind2=" " ind1=" ">
      <subfield code="a">Evaluación de políticas públicas</subfield>
   </datafield>
   <datafield tag="653" ind2=" " ind1=" ">
      <subfield code="a">Active labour market policies</subfield>
   </datafield>
   <datafield tag="653" ind2=" " ind1=" ">
      <subfield code="a">Job search assistance</subfield>
   </datafield>
   <datafield tag="653" ind2=" " ind1=" ">
      <subfield code="a">Public services</subfield>
   </datafield>
   <datafield tag="653" ind2=" " ind1=" ">
      <subfield code="a">Literature review</subfield>
   </datafield>
   <datafield tag="653" ind2=" " ind1=" ">
      <subfield code="a">Public policy evaluation</subfield>
   </datafield>
   <datafield ind2="0" ind1="0" tag="245">
      <subfield code="a">Efectos de la asistencia en la búsqueda de empleo: una revisión sistemática para España</subfield>
   </datafield>
</record></metadata></record></GetRecord></OAI-PMH>